Guess The Marvel Character's Alter Ego - Statistics

General Stats
  • This quiz has been taken 45 times
    19 since last reset
  • The average score is 17 of 30
Answer Stats
Real Name Alter Ego % Correct
Wade Winston Wilson Deadpool
87%
Bruce Banner Hulk
87%
Peter Parker Spider-Man
87%
Frank Castle The Punisher
87%
James "Logan" Howlett Wolverine
87%
Victor Von Doom Dr. Doom
73%
Charles Xavier Professor X
73%
Hope van Dyne The Wasp
73%
Matthew Michael “Matt” Murdock Daredevil
67%
Peter Maximoff Quicksilver
67%
Ben Grimm The Thing
67%
Jonathan Lowell Spencer "Johnny" Storm Human Torch
60%
Nathan Christopher Charles Summers Cable
53%
Tyrone Johnson Cloak
53%
Tandy Bowen Dagger
53%
Kurt Wagner Nightcrawler
53%
Jessica Drew Spider-Woman
53%
Maxwell "Max" Dillon Electro
47%
Illyana Rasputin Magik
47%
Raven Darkholme Mystique
47%
Robert Louis "Bobby" Drake Iceman
40%
Alexei Shostakov Red Guardian
40%
Victor Creed Sabretooth
40%
Dr. Donald Blake Thor Odinson
40%
William "Billy" Russo Jigsaw
33%
David Haller Legion
33%
Jack Russell Werewolf by Night
33%
Dr. Theodore "Ted" Sallis Man-Thing
27%
Noh-Varr Marvel Boy
27%
Rahne Sinclair Wolfsbane
27%
No matching quizzes found
Score Distribution
Percent of People with Each Score
Percentile by Number Answered
Your Score History
You have not taken this quiz since the last reset